Stations du métro parisien un jour de grève de quiz - Statistiques

Statistiques générales
  • Ce quiz a été pris 45 fois
  • Le résultat moyen est 25 sur 59
Statistiques - réponses
Hint Réponse % Correct
Je manque d'imagi------ Nation
100%
Je suis dépressive ; je n'arrête pas de pleurer comme une --------- Madeleine
79%
Je dois acheter du lait -------isé Pasteur
79%
Je prépare un voyage en ---------- Dominicaine République
74%
Je pars en voyage de noces sur un continent qui n'est pas l'Asie, l'Afrique, l'Amérique du Nord, l'Océanie, l'Amérique du sud, l'Antarctique, mais l'------ Europe
69%
Je me promène en traineau, tiré par les ------ du Père Noël Rennes
69%
Je suis trop occupée à écouter le chanson de Florent Pagny : "Ma ------- de penser" Liberté
67%
Je me souviens du14 juillet 1789, le jour de la prise de la -------- Bastille
64%
J'ai rv avec un petit rat de l'----- Opéra
64%
J'emmène à l'école ma fille ainée et mon fils ----- Cadet
62%
Je remplis ma ---------- de stage Convention
62%
Je dois laver le sol avec de l'eau de ----- Javel
62%
Je discute de raies, morues et maquereaux avec une ------------ Poissonnière
62%
Je m'envole pour l'Amérique du Sud, direction : l'--------- Argentine
60%
Je loue un chalet à la montagne en France dans les -------- Pyrénées
60%
Je marche sur un ------- de grande randonnée Sentier
55%
Je rencontres les sosies des 3 mousquetaires d'--------- ----- Alexandre Dumas
52%
J'ai rendez-vous avec Donald Trump à la ------ ------- Maison Blanche
52%
Je vais au Puy du Fou, créé par Philippe de -------- Villiers
52%
Je lis un livre sur les pionniers de la radioactivité : ------ -- ----- ----- Pierre et Marie Curie
50%
Je flâne au jardin des --------- Tuileries
50%
Je fais sauter un bouchon de ----- pour fêter mon mariage Liège
48%
Députée de mon état, je m'endors à l'--------- --------- Assemblée Nationale
45%
J'ai rv chez le dentiste qui doit me poser des --------- Couronnes
43%
Je sors de la chambre froide car c'est une vraie -------- Glacière
43%
Quand on me demande si je connais un bon cuisinier dans le quartier, je ----- la tête Hoche
43%
Je révise l'histoire et notamment la bataille d'---- Iena
43%
Je discute de carottes, concombres et courgettes avec des ---------- Maraîchers
43%
J'ai rv avec Etienne Daho pour passer un week-end à ---- Rome
43%
J'écoute "le Poinçonneur des Lilas" de ----- ---------- Serge Gainsbourg
43%
Je chante : "Je suis tombé par terre, c'est la faute à --------" Voltaire
43%
Je me prépare à fêter la Saint Moïse le jeudi ------ --------- 2025 Quatre Septembre
38%
Je lis un livre de la comtesse de ----- Ségur
38%
Je regarde la série : "Le prince de --- ---" Bel-air
36%
Je vole l'orange du marchand en lui disant " La ------ ou la vie" ! Bourse
36%
Je m'offre un parfum à base de fleurs de ------ Jasmin
33%
Je milite pour -- ------- de l'éléphant La Défense
33%
Je vais chez le médecin qui trouve que mon teint et mes cheveux sont trop ------ Ternes
33%
Je retourne voir mes potes d'enfance dans ma ---- de banlieue Cité
31%
J'écoute la valse viennoise : "Le beau ------ bleu" Danube
31%
J'apprends à faire mon lit au carré à l'----- --------- Ecole Militaire
31%
Je suis d'ailleurs surprise car en parlant de visage, surtout le haut, on trouve plutôt mon ----- --------- Front Populaire
31%
Je loue un bateau de --------- Plaisance
31%
Je me marie à la ------ --- ----- Mairie des Lilas
29%
Je vais au théâtre de l'----- Odéon
29%
Je regarde le film : "Les amants du ---- ---- Pont-neuf
29%
Je rencontre le sosie de Quasimodo de ------ ---- Victor Hugo
29%
Je fais des représentations graphiques, soit des --------- des âges Pyramides
24%
Je suis trop occupée à écouter la chanson de Marc Lavoine : " Le pont -------- Mirabeau
21%
J'ai besoin d'arrondir mes fins de mois mais je décide de ne pas faire -------- de mon corps Commerce
19%
Je fête les ---------- en chantant "nu" de Philippe Katerine Olympiades
19%
Je regarde "Le dîner de cons" : il est mignon Monsieur Pignon, il est méchant Monsieur -------- Brochant
17%
J'apprends que je suis enceinte, ce qui m'apporte beaucoup de ----- Gaîté
17%
Je vais dans un endroit qui comporte un autel, à savoir : -- -------- La Chapelle
17%
Je vais au salon de la grève du quiz à la ----- -- ---------- Porte de Versailles
17%
J'ai décidé de jardiner ; je sors la brouette, la débroussailleuse et -- ------- La Fourche
14%
Je dois cuisiner des noix de ----- ------- Saint Jacques
14%
Je me marie religieusement à la --------- -- ----- ----- Basilique de Saint-Denis
12%
Je traîne sur JetPunk, le ------ des quiz en ligne Temple
10%
Aucun quiz correspondant
Distribution des résultats
% des personnes avec chaque résultat
Percentile par nombre de réponses
Votre historique - résultats
Vous n’avez pas pris ce quiz